| 000 | 00923nam a2200301 a 4500 | ||
|---|---|---|---|
| 001 | 000107804 | ||
| 003 | CHAP | ||
| 005 | 20220329143944.0 | ||
| 008 | 131106s2008 ck a |r| |||||||spa d | ||
| 010 | _a104266 | ||
| 011 | _a105238 | ||
| 020 | _a9789586485685 | ||
| 040 | _cCHAP | ||
| 082 | 0 | 4 |
_a005.3 _bC26 |
| 100 | 1 |
_aCardona T., José Gerardo _9124541 |
|
| 245 | 1 | 0 |
_aExcel : _baplicaciones en álgebra, estadística, probabilidad y física / _cpor José Gerardo Cardona T., Luz María Rojas Duque y Fernando Mesa. |
| 260 |
_aBogotá : _bEcoe, _c2008. |
||
| 300 |
_a120 p. : _bil., gráfs. |
||
| 590 |
_aE6096MTM _b05 _c20131106 _lUCH01 _h1003 |
||
| 650 | 1 | 4 |
_aExcel. _939029 |
| 650 | 1 | 4 |
_aLenguajes de programación. _965989 |
| 650 | 1 | 4 |
_aProgramación (Computadoras) _992368 |
| 700 | 1 |
_aMesa, Fernando _9124543 |
|
| 700 | 1 |
_aRojas Duque, Luz María _9124542 |
|
| 901 | _aBK | ||
| 942 | _cLIBRO | ||
| 942 | _n0 | ||
| 999 |
_c104266 _d104266 |
||